| 000 | 01018nam a2200265Ia 4500 | ||
|---|---|---|---|
| 003 | OSt | ||
| 005 | 20221005111837.0 | ||
| 006 | a|||||r|||| 00| 0 | ||
| 007 | ta | ||
| 008 | 221004b |||||||| |||| 00| 0 hin d | ||
| 020 | _c100 | ||
| 024 | _a95720 | ||
| 037 |
_b67, 13/03/2009, Motilal Banarsidass Publishers Pvt. Ltd. _cTextual |
||
| 040 |
_aCRL _cCRL _bhin |
||
| 041 |
_2hin _ahin |
||
| 082 | _aDelta:34, 152N4 | ||
| 100 | _aकुवलयानन्द | ||
| 245 | 0 | _aप्राणायाम | |
| 246 | _aPrāṇāyāma | ||
| 260 |
_aलोनावाला _bकैवल्यधाम भारत _c1994 |
||
| 300 |
_a166पृ0 _ccm. |
||
| 700 |
_a घुणेकर, वासुदेव भास्कर, अनु. _9624252 |
||
| 942 |
_hDelta:34, 152N4 _cTEXL _2cc |
||
| 999 |
_c1023073 _d1023073 |
||